New England Patriots Players' Colleges - Statistics

General Stats
  • This quiz has been taken 134 times
  • The average score is 31 of 55
Answer Stats
Player College % Correct
Tom Brady Michigan
99%
Chase Winovich Michigan
99%
Damien Harris Alabama
90%
Dont'a Hightower Alabama
90%
Sony Michel Georgia
88%
Benjamin Watson Georgia
88%
Isaiah Wynn Georgia
88%
N'Keal Harry Arizona State
78%
Lawrence Guy Arizona State
78%
Jarrett Stidham Auburn
75%
Jonathan Jones Auburn
75%
Julian Edelman Kent State
71%
James White Wisconsin
69%
John Simon Ohio State
65%
Nate Ebner Ohio State
65%
Matthew Slater UCLA
65%
Caleb Benenoch UCLA
65%
Ryan Izzo Florida State
64%
Terrence Brooks Florida State
64%
Jason McCourty Rutgers
64%
Duron Harmon Rutgers
64%
Devin McCourty Rutgers
64%
Phillip Dorsett Miami
62%
Shilique Calhoun Michigan State
59%
Patrick Chung Oregon
57%
Stephon Gilmore South Carolina
57%
Danny Shelton Washington
53%
Josh Gordon Baylor
52%
Rex Burkhead Nebraska
52%
Byron Cowart Maryland
51%
JC Jackson Maryland
51%
Jakobi Meyers NC State
51%
Joe Thuney NC State
51%
Joe Cardona Navy
50%
James Ferentz Iowa
49%
Deatrich Wise Jr. Arkansas
47%
Antonio Brown Central Michigan
45%
Jake Bailey Stanford
45%
Jermaine Eluemunor Texas A&M
44%
Michael Bennett Texas A&M
44%
Kyle Van Noy BYU
42%
Shaq Mason Georgia Tech
41%
Adam Butler Vanderbilt
41%
Joejuan Williams Vanderbilt
41%
Ja'Whaun Bentley Purdue
40%
Matt LaCosse Illinois
38%
Ted Karras Illinois
38%
Marcus Cannon TCU
37%
Marshall Newhouse TCU
37%
Yodny Cajuste West Virginia
31%
Stephen Gostkowski Memphis
25%
Elandon Roberts Houston
22%
Jamie Collins Sr. Southern Miss
19%
Korey Cunningham Cincinnati
17%
Gunner Olszewski Bemidji State
16%
No matching quizzes found
Score Distribution
Percent of People with Each Score
Percentile by Number Answered
Your Score History
You have not taken this quiz